Land (Group Settlement Areas) Act, 1960 (Act 13/1960) : (as at 30th June 1990)
| Format: | Book |
|---|---|
| Published: |
Kuala Lumpur :
International Law Book Services ,
1990
|
| Subjects: |
MARC
| LEADER | 00000cam a2200000 7i4500 | ||
|---|---|---|---|
| 001 | 0000007273 | ||
| 005 | 20050503.0 | ||
| 020 | |a 967890327X | ||
| 040 | |a INS | ||
| 090 | 0 | 0 | |a HD890.6.A5 |b A4 1990 |
| 245 | 1 | 0 | |a Land (Group Settlement Areas) Act, 1960 (Act 13/1960) : |b (as at 30th June 1990) |
| 260 | |a Kuala Lumpur : |b International Law Book Services , |c 1990 | ||
| 300 | |a 27p. ; |c 24 cm. | ||
| 650 | 0 | 0 | |a Land settlement |x Law and legislation |z Malaysia |
| 650 | 0 | 0 | |a Land, Nationalization of |z Malaysia |
| 999 | |a 0000004949 |b BOOK |c Acts |e Default branch | ||